00777nam a2200217 i 4500001000400000100001700004245010600021260003400127300003000161650003700191650002900228651004300257655002900300655003100329700002900360020001500389040000800404041000800412008004100420856009800461bgj1 aMARSDEN, Bob10aPeople and Places :bBritish life and culture for students of English /cBob Marsden and Nick McIver. aLondon :bBBC English,c1990. aset of 2 video cassettes. 9aEnglish languagexSpoken English 9aVideo tapes in education 9aGreat BritainxSocial life and culture aTextbooks for foreigners aProblems, excercises, etc.1 aMCIVER, Nick.eco-author a1854971565 cBPK0 aeng s uk f |000 0 eng  uhttp://koha.tu.koszalin.pl/cgi-bin/koha/opac-detail.pl?biblionumber=50987yKatalog online BPK